|
|
|
|
| LEADER |
00000nas a2200000 a 4500 |
| 001 |
ssj0000400088 |
| 003 |
WaSeSS |
| 005 |
20200512172242.0 |
| 006 |
m d |
| 007 |
cr n |
| 008 |
110817c20069999sp a| p|s|||||| |0spa d |
| 022 |
|
|
|a 1988-8317
|l 1887-0813
|
| 035 |
|
|
|a (WaSeSS)ssj0000400088
|
| 040 |
|
|
|a WaSeSS
|c WaSeSS
|d WaSeSS
|
| 050 |
|
4 |
|a GB651
|
| 210 |
0 |
|
|a An. hidrol. méd.
|b (Internet)
|
| 222 |
|
0 |
|a Anales de hidrología médica
|b (Internet)
|
| 245 |
0 |
0 |
|a Anales de hidrología médica
|h [electronic resource].
|
| 260 |
|
|
|a Madrid :
|b Servicio de Publicaciones, Universidad Complutense
|
| 310 |
|
|
|a Annual
|
| 362 |
1 |
|
|a Began with Volumen Balnea (1) (2006).
|
| 506 |
|
|
|a License restrictions may limit access.
|
| 588 |
|
|
|a Description based on: Volumen Balnea (1) (2006); title from cover (e-Revistas, viewed August 10, 2011).
|
| 588 |
|
|
|a Latest issue consulted: Volumen Balnea Número 4 (2008) (viewed August 10, 2011).
|
| 650 |
|
0 |
|a Hydrology
|v Periodicals.
|
| 655 |
|
0 |
|a Electronic journals.
|
| 776 |
0 |
8 |
|i Print version:
|t Anales de hidrología médica
|x 1887-0813
|
| 856 |
4 |
0 |
|z Full text available from Research Library: 01/01/2006 to 12/31/2007
|u https://search.proquest.com/publication/54817
|
| 856 |
4 |
0 |
|z Full text available from Research Library: 01/01/2011 to 07/31/2012
|u https://search.proquest.com/publication/54817
|